Magyar nyelv gyakorlókönyv a középiskolák 4. osztálya számára

Bibliographic Details
Main Author: Kovács, László (Author)
Format: Book
Language:Hungarian
PhysicalDescription:68 s. 21 cm
Published: Bratislava Slovenské pedagogické nakladateľstvo 1999
ISBN:8008026537
Subjects:

MARC

LEADER 00000nam a2200000 a 4500
001 vtls001374272
003 SK-MaSNL
005 20260301161221.0
008 240318s1999 xo r 0 0 hun
015 |a SNBA2000/01-00184 
020 |a 8008026537 
035 |a SNK000328149 
035 |a urn:nbn:sk:snk-amkk5h 
035 |a urn:nbn:sk:snk-am003an5 
035 |a 9EBC9C11-CB0E-41F6-87CF-14CAD2FE17FF 
040 |a SNK  |b slo  |c SNK  |e AACR2 
041 |a hun 
044 |a xo  |c SK 
100 1 |a Kovács, László  |4 aut  |9 7207 
245 1 0 |a Magyar nyelv  |b gyakorlókönyv a középiskolák 4. osztálya számára  |c Kovács László 
246 1 0 |a Cvičebnica z maďarského jazyka pre 4. ročník stredných škôl s vyučovacím jazykom maďarským 
260 |a Bratislava  |b Slovenské pedagogické nakladateľstvo  |c 1999 
300 |a 68 s.  |c 21 cm 
500 |a Tiráž slov. 
650 0 7 |a maďarčina  |2 SNKPH  |9 1492 
655 7 |a učebnice stredných škôl  |2 SNKPH  |9 69323 
655 7 |a pracovné zošity  |2 SNKPH  |9 70188 
919 |a 80-08-02653-7 
958 |a TL 
958 |a HU 
958 |a UC 
999 |c 808596  |d 810526 
952 |t P60, <03>, [BOOK], {603}  |a SNK  |b SNK  |y PREZ  |7 0  |p 17A0214054  |o snkSC 99777  |i snkKSP 9959/99  |0 0  |1 0  |4 0  |d 1999-10-12  |f 1  |l 0  |r 2025-09-19 00:00:00  |w 2026-02-24 
952 |t P60, <04>, [BOOK], {604}  |a SNK  |b SNK  |y VYP  |7 0  |p 17A0216332  |o snkSC 99777 D1  |i snkKSP 10826/99  |0 0  |1 0  |4 0  |d 1999-11-05  |l 0  |r 2005-01-02 00:00:00  |w 2026-02-24 
952 |t P60, <09>, [BOOK], {629}  |a SNK  |b SNK  |y NEVYP  |7 0  |o snkC 712  |i snk1327/1999  |0 0  |1 0  |4 0  |d 1999-11-05  |l 0  |r 2005-01-02 00:00:00  |w 2026-02-24